| 000 | 00754nam a2200241 i 4500 | ||
|---|---|---|---|
| 001 | 147468 | ||
| 003 | ES-MaACL | ||
| 005 | 20260525062934.0 | ||
| 007 | t| | ||
| 008 | 071001s1980 sp ||||1| spa d | ||
| 020 | _a84-239-0417-2 | ||
| 080 | _a821.134.2 Cervantes Saavedra, Miguel de 7 Quijote (0:7) | ||
| 100 | 1 |
_aUnamuno, Miguel de, _d1864-1936 _9111982 |
|
| 245 | 1 | 3 |
_aEl caballero de la triste figura / _cMiguel de Unamuno. |
| 250 | _a6ª ed. | ||
| 260 |
_aMadrid : _bEspasa-Calpe, _c1980. |
||
| 300 |
_a159 p. ; _c18 cm. |
||
| 490 | 1 |
_aColección austral ; _v417 |
|
| 650 | 4 |
_aDon Quijote (Personaje de ficción)- _xEn el arte. _9172386 |
|
| 830 | 1 |
_aColección austral _v417 _9177655 |
|
| 852 |
_aES-MaACL _jL-9317 |
||
| 999 |
_c147468 _d147468 |
||